Statistiques concernant Mot mystérieux - Série 23

Cliquez ici pour prendre le quiz!

Statistiques générales

  • Ce quiz a été pris 66 fois
  • Le résultat moyen est 6 sur 10

Statistiques - réponses

IndicesMot% Correct
Artichaut - Baume - Ouvrage - PigeonCoeur
78%
Sagesse - Scie - Lion - LaitDent
78%
Moral - Nerfs - Inoydable - EstomacAcier
75%
Jeu - Nourrice - Cheveux - LingeEpingle
75%
Porte - Technique - Main - SouteBagage
69%
Coup - Roue - Melon - PailleChapeau
67%
Dent - Poisson - Métaux - RubanScie
47%
Fer - Croix - Ecoliers - RondeChemin
43%
Fusilier - Saint - Sous - PiedMarin
35%
Acier - Zéro - Chaussettes - RapportMoral
35%

Distribution des résultats

Percentile par nombre de réponses

% des personnes avec chaque résultat

Votre développement - résultats

Vous n’avez pas pris ce quiz